US State Capitals Border Blitz Quiz Stats

Quiz Updated Aug 21, 2012

Challenge
Share
Tweet
Embed
Score 0/50 Timer 02:00
11 Plays Today
US Capital % Correct
Phoenix
95.4%
Carson City
95%
Oklahoma City
95%
Little Rock
94.8%
Santa Fe
94.6%
Albany
93.7%
Salem
93.7%
Nashville
93.3%
Harrisburg
92.8%
Jefferson City
92.3%
Boston
92.3%
Sacramento
92.2%
Denver
92.2%
Atlanta
92.2%
Montgomery
92.1%
Cheyenne
91.9%
Austin
91.7%
Salt Lake City
91.5%
Frankfort
91.2%
Boise
90.5%
Montpelier
89.8%
Lincoln
89.8%
Baton Rouge
89.7%
Des Moines
88.9%
Hartford
88.8%
US Capital % Correct
Pierre
87.9%
Trenton
86.8%
Raleigh
86.6%
Columbus
85.9%
Topeka
85.7%
Tallahassee
85.4%
Indianapolis
85.3%
Springfield
84.8%
Charleston
84.5%
Richmond
84.5%
Helena
84.1%
Madison
83.9%
Concord
82.5%
Jackson
82.1%
St. Paul
81.6%
Bismarck
79.6%
Lansing
79.5%
Annapolis
79.1%
Olympia
77.6%
Columbia
75.4%
Dover
73.7%
Providence
70.1%
Honolulu
67.4%
Juneau
64.6%
Augusta
63.9%

You're not logged in!

Compare scores with friends on all Sporcle quizzes.
Sign Up with Email
OR
Log In

You Might Also Like...

Show Comments

Extras

Top Quizzes Today


Score Distribution

Your Account Isn't Verified!

In order to create a playlist on Sporcle, you need to verify the email address you used during registration. Go to your Sporcle Settings to finish the process.